Psicología general: un moderno estudio del hombre, basado en la doctrina tomista

Gorde:
Xehetasun bibliografikoak
Egile nagusia: Brennan, Robert Edward (Egilea)
Formatua: Liburua
Hizkuntza:gaztelania
Argitaratua: Madrid Morata 1965
Edizioa:2a. ed
Gaiak:
Etiketak: Etiketa erantsi
Etiketarik gabe, Izan zaitez lehena erregistro honi etiketa jartzen!

MARC

LEADER 00000cam a2200000 a 4500
001 UCD2335
003 CL-VaPUC
008 160421e19650000sp |||||||||||||||||spa|d
082 0 4 |a 150  |b BRE  |2 21 
100 0 |a Brennan, Robert Edward  |e author  |9 585669 
245 1 0 |a Psicología general: un moderno estudio del hombre, basado en la doctrina tomista 
250 |a 2a. ed 
300 |a 453 p 
942 |c BK 
945 |d 20160421 23:07:00  |a arojas 
260 |a Madrid  |b Morata  |c 1965 
650 7 |a TEORIAS PSICOLOGICAS  |2 CL-VaPUC  |9 455532 
650 7 |a PSICOLOGIA GENERAL  |2 CL-VaPUC  |9 567707 
650 0 |a Psicología individual  |9 309049 
650 0 |a Psicología cognitiva   |9 306250 
650 0 |a Psicología del desarrollo  |9 307541 
650 0 |a Desarrollo individual   |9 307875 
650 0 |a Desarrollo Personal  |9 390751 
583 |a last modification  |c 20160421 23:07:00  |k Rodrigo Vera 
999 |c 363497  |d 363495 
952 |0 0  |1 0  |3 erd  |4 0  |6 150_000000000000000_BRE_1965  |7 0  |8 A  |9 475952  |a BIBEDU  |b BIBEDU  |e Villagrán Garnham, Jorge  |i 5301165  |o 150 BRE 1965  |p 5301165  |r 2019-11-24  |w 2019-11-24  |y BK  |z Catalogado en:20160421  |k PSI